000 00314nam a22001337a 4500
008 170714b xxu||||| |||| 00| 0 eng d
020 _a9780816015443
041 _aeng
080 _a030
100 _a26
101 _aFJA
245 _aTHE FACTS ON FILE VISUAL DICTIONARY
_cCORBEIL.J.C
942 _2udc
_cBK
999 _c20863
_d20863